000 00597nam a2200181Ia 4500
008 090123s9999 xx 000 0 und d
082 _b40058
100 _aदिवाण वृंदा
245 _aबिल्लोची बिलंदरी
250 _a1
260 _bविद्यार्थी प्रकाशन
_c2006
300 _a184
600 _aदिवाण वृंदा
630 _aबिल्लोची बिलंदरी
700 _aदिवाण वृंदा
730 _aबिल्लोची बिलंदरी
942 _cBOOK
999 _c78132
_d78132